| 000 | 01316nam a22002537a 4500 | ||
|---|---|---|---|
| 999 |
_c60272 _d60272 |
||
| 003 | Ge_BSU | ||
| 005 | 20230623121549.0 | ||
| 008 | 230623s2008 ge ||||| |||| 00| 0 geo d | ||
| 020 | _a9789941013775 | ||
| 022 | _a | ||
| 041 | _ageo | ||
| 080 | _a94(32) ა-30 | ||
| 100 |
_aავალიანი, ეკა _916340 |
||
| 245 |
_aეგვიპტის-ძველაღმოსავლური მეგაიმპერიის ფორმირება : _bნარკვევები იმპერიებისა და კოლონიების ურთიერთობის ისტორიიდან / _cეკა ავალიანი. |
||
| 264 |
_aთბილისი : _bSABC, _c [2008]. |
||
| 300 |
_a172 გვ. ; _b20 სმ. |
||
| 490 | _aStudies of society of assyriologists, bibliologists and caucasioligists, 1987-6971 ; 3 | ||
| 500 | _aგარეკანი ქართ. და ინგლ. ენაზე | ||
| 501 | _aდამატ. ლიტ. ძველ ეგვიპტეზე: გვ. 149-169. | ||
| 504 | _aბიბლიოგრ. ტექსტ. შენიშვნ. | ||
| 520 | _aრეზ. ინგლ. ენაზე | ||
| 653 | _aძველი ეგვიპტის ისტორია. | ||
| 942 |
_2udc _cBK |
||